Bevölkerungsentwicklung und Geburtenpolitik in den letzten zwei Jahrzehnten der DDR.
Oficiálne náhľady na populačnú politiku v býv. NDR chápali vývoj obyvateľstva podobne ako procesy v hospodárskej alebo v správnej sfére. Tri štádiá demografických zmien v NDR. Neúčinné opatrenia na podporu populačnej politiky. Odlišné chápanie populačnej politiky SRN, potreba prispôsobenia sociálnyc...
Salvato in:
| Autore principale: | |
|---|---|
| Natura: | Capitolo di libro |
| Lingua: | tedesco |
| Soggetti: | |
| Tags: |
Nessun Tag, puoi essere il primo ad aggiungerne!!
|
MARC
| LEADER | 00000naa a2200000 4500 | ||
|---|---|---|---|
| 001 | r003264 | ||
| 005 | 20240618122427.0 | ||
| 041 | 0 | |a ger | |
| 044 | |a DE | ||
| 245 | 1 | 0 | |a Bevölkerungsentwicklung und Geburtenpolitik in den letzten zwei Jahrzehnten der DDR. |c W. Speigner |
| 520 | |a Oficiálne náhľady na populačnú politiku v býv. NDR chápali vývoj obyvateľstva podobne ako procesy v hospodárskej alebo v správnej sfére. Tri štádiá demografických zmien v NDR. Neúčinné opatrenia na podporu populačnej politiky. Odlišné chápanie populačnej politiky SRN, potreba prispôsobenia sociálnych opatrení. | ||
| 610 | 2 | 0 | |a vývoj populačný |
| 610 | 2 | 0 | |a politika populačná |
| 610 | 2 | 0 | |a NDR |
| 610 | 2 | 0 | |a demografia |
| 610 | 2 | 0 | |a Nemecko |
| 610 | 2 | 0 | |a politika sociálna |
| 100 | 1 | |a Speigner, W. | |